000 01343cab a2200289 4500
001 ABS58873
008 090401t1998 xxu||||| |||| 00| 0 eng d
035 _a(Sirsi) u87025
041 _aeng
100 _aLind, H.
245 4 _aThe definition of market value: Criteria for judging proposed definitions and an analysis of three controversial components
260 _c1998
350 _a0
490 _aJournal of Property Valuation and Investment
_v16(2) 1998, 159-174(16)
520 _aDiscusses the criteria for judging whether a proposed definition of market value is satisfactory or not. Considers the application of criteria relating to clearness of definition, measurability of the concept, and relevance of concept. Examines whether the definition should includes the condition that the parties act prudently or knowledgeably, conditions relating to willingness of buyer and seller and, should it refer to probable price, best price or average price. References.
650 _aBEST PRICE
650 _aDEFINITIONS
650 _aMARKET VALUE
650 _aPROBABLE PRICE
650 _aPRUDENT
650 _aRELEVANCE
650 _aWILLINGNESS OF BUYER
650 _aWILLINGNESS OF SELLER
690 _aPROPERTY-COMMERCIAL PROPERTY-COMMERCIAL PROPERTY APPRAISAL AND VALUATION
942 _n0
948 _c25/06/1998
999 _c54824
_d54824